| 000 | 00799nam a22002537a 4500 | ||
|---|---|---|---|
| 999 |
_c3164 _d3164 |
||
| 003 | AR-CdUCM | ||
| 008 | 190306b ||||| |||| 00| 0 spa d | ||
| 020 | _a84-8280-89-9 | ||
| 040 |
_aMUNICIPALIDAD PROVINCIAL DEL CUSCO _cBIBLIOTECA MUNICIPAL DEL CUSCO |
||
| 041 | _hfry | ||
| 082 |
_a848.63 / _bC527 |
||
| 100 |
_aChateaubriand, François René _910655 |
||
| 245 | _aMemorias de ultratumba I / | ||
| 260 |
_aBogota : _bOveja Negra, _c1984. |
||
| 300 |
_a335 páginas ; _c18 cm. |
||
| 440 |
_aHistoria Universal de la Literatura _n89 _910656 |
||
| 500 | _aTitulo original: Memoires D´outre-tombe | ||
| 650 |
_aFrancia _91444 |
||
| 650 |
_aHistoria _9136 |
||
| 650 |
_aNovela Francesa _910657 |
||
| 700 |
_aGarcía Tolsá, Jesús (Traductor) _910658 |
||
| 942 |
_2ddc _cLIBROS |
||
| 945 | _araen | ||